Juegos colectivos en la primera enseñanza : (Record no. 33533)

MARC details
000 -CABECERA
campo de control de longitud fija 00759nam a2200217 a 4500
005 - FECHA Y HORA DE LA ÚLTIMA TRANSACCIÓN
campo de control 20240419063923.0
008 - ELEMENTOS DE LONGITUD FIJA--INFORMACIÓN GENERAL
campo de control de longitud fija 991125s1988 es 000 0 spa u
020 ## - NÚMERO INTERNACIONAL NORMALIZADO PARA LIBROS
Número Internacional Estándar del Libro 8477740178
035 ## - NÚMERO DE CONTROL DEL SISTEMA
Número de control de sistema UPN01000033533
049 ## - COLECCIÓN
Colección CG
050 #4 - SIGNATURA TOPOGRÁFICA DE LA BIBLIOTECA DEL CONGRESO
Número de clasificación LB1137
Número de documento/Ítem K3.48
100 1# - ASIENTO PRINCIPAL--NOMBRE PERSONAL
Nombre de persona Kamii, Constance Kazuko
9 (RLIN) 28810
245 10 - MENCIÓN DE TÍTULO
Título Juegos colectivos en la primera enseñanza :
Resto del título implicaciones de la teoría de Piaget /
Mención de responsabilidad, etc. Constance Kamii, Rheta Devries ; pról. Jean Piaget ; tr. Genís Sánchez Barberán.
260 ## - PUBLICACIÓN, DISTRIBUCIÓN, ETC.
Lugar de publicación, distribución, etc. Madrid :
Nombre del editor, distribuidor, etc. Visor,
Fecha de publicación, distribución, etc. 1988.
300 ## - DESCRIPCIÓN FÍSICA
Extensión 322 p. :
Otras características físicas il., fotos
440 #0 - MENCIÓN DE SERIE/ASIENTO SECUNDARIO--TÍTULO
Título Aprendizaje ;
Designación de volumen o secuencia 40
534 ## - NOTA SOBRE LA VERSIÓN ORIGINAL
Frase introductoria Título original :
Mención de título del original Group games in early education
650 #4 - ASIENTO SECUNDARIO DE MATERIA - TERMINO TEMATICO
Término de materia o nombre geográfico como elemento de entrada Juegos infantiles
9 (RLIN) 6445
700 1# - ASIENTO SECUNDARIO--NOMBRE DE PERSONAL
Nombre de persona DeVries, Rheta,
Término indicativo de función/relación coaut.
905 ## - TIPO DE MATERIAL
Tipo de material Libro
Holdings
Estado de retiro Estado de pérdida Fuente del sistema de clasificación o colocación Estado dañado No para préstamo Código de colección Localización permanente Ubicación/localización actual Ubicación en estantería Fecha de adquisición Total de préstamos Renovaciones totales Clasificación Código de barras Fecha visto por última vez Fecha del último préstamo Número de copia Tipo de ítem Koha
    Library of Congress Classification     Colección General Bib. Gregorio Torres Quintero Bib. Gregorio Torres Quintero Planta baja 24/10/2022 6 1 LB1137 K3.48 286422 23/11/2022 24/10/2022 1 Libro
    Library of Congress Classification     Colección General Bib. Gregorio Torres Quintero Bib. Gregorio Torres Quintero Planta baja 13/10/2022 6 2 LB1137 K3.48 286421 22/11/2022 27/10/2022 1 Libro
    Library of Congress Classification     Colección General Bib. Gregorio Torres Quintero Bib. Gregorio Torres Quintero Planta baja   12   LB1137 K3.48 286420 31/12/2020   1 Libro
    Library of Congress Classification     Colección General Bib. Gregorio Torres Quintero Bib. Gregorio Torres Quintero Planta baja   28   LB1137 K3.48 120317 31/12/2020   1 Libro
    Library of Congress Classification     Colección General Bib. Gregorio Torres Quintero Bib. Gregorio Torres Quintero Planta baja   30   LB1137 K3.48 120316 31/12/2020   1 Libro
    Library of Congress Classification     Colección General Bib. Gregorio Torres Quintero Bib. Gregorio Torres Quintero Planta baja   31   LB1137 K3.48 120315 31/12/2020   1 Libro